When breath becomes air / (Record no. 127066)

MARC details
000 -LEADER
campo de control de longitud fija 06686cam a2200577 a 4500
001 - NÚMERO DE CONTROL
campo de control 18828524
003 - IDENTIFICADOR DE NÚMERO DE CONTROL
campo de control BJBSDDR
005 - FECHA Y HORA DE LA ÚLTIMA TRANSACCIÓN
campo de control 20260512151829.0
006 - CÓDIGOS DE INFORMACIÓN DE LONGITUD FIJA--CARACTERÍSTICAS DEL MATERIAL ADICIONAL
campo de control de longitud fija a|||||r|||| 00| 0
007 - CAMPO FIJO DE DESCRIPCIÓN FÍSICA--INFORMACIÓN GENERAL
campo de control de longitud fija ta
008 - DATOS DE LONGITUD FIJA--INFORMACIÓN GENERAL
campo de control de longitud fija 151022s2016 nyua fr 000 0beng d
010 ## - NÚMERO DE CONTROL DE LA BIBLIOTECA DEL CONGRESO
Número de control de LC 2015023815
020 ## - NÚMERO INTERNACIONAL ESTÁNDAR DEL LIBRO
Número Internacional Estándar del Libro 9780812988406
020 ## - NÚMERO INTERNACIONAL ESTÁNDAR DEL LIBRO
Número Internacional Estándar del Libro 081298840X
035 ## - NÚMERO DE CONTROL DEL SISTEMA
Número de control de sistema 18828524
035 ## - NÚMERO DE CONTROL DEL SISTEMA
Número de control de sistema (OCoLC)936184008
040 ## - FUENTE DE CATALOGACIÓN
Centro catalogador/agencia de origen E3U
Lengua de catalogación eng
Centro/agencia transcriptor E3U
Centro/agencia modificador OCLCO
-- DLC
041 ## - CÓDIGO DE IDIOMA
Código de lengua del texto/banda sonora o título independiente eng
042 ## - CÓDIGO DE AUTENTICACIÓN
Código de autenticación lccopycat
050 00 - SIGNATURA TOPOGRÁFICA DE LA BIBLIOTECA DEL CONGRESO
Número de clasificación RC280.L8
Número de ítem K14w 2016
100 1# - ENTRADA PRINCIPAL--NOMBRE DE PERSONA
Nombre de persona Kalanithi, Paul,
Fechas asociadas al nombre 1977-2015
9 (RLIN) 48410
245 10 - MENCIÓN DEL TÍTULO
Título When breath becomes air /
Mención de responsabilidad, etc. Paul Kalanithi ; foreword by Abraham Verghese.
250 ## - MENCION DE EDICION
Mención de edición First edition.
264 #1 - PRODUCCIÓN, PUBLICACIÓN, DISTRIBUCIÓN, FABRICACIÓN Y COPYRIGHT
Producción, publicación, distribución, fabricación y copyright New York :
Nombre del de productor, editor, distribuidor, fabricante Random House,
Fecha de producción, publicación, distribución, fabricación o copyright [2016]
264 #4 - PRODUCCIÓN, PUBLICACIÓN, DISTRIBUCIÓN, FABRICACIÓN Y COPYRIGHT
Fecha de producción, publicación, distribución, fabricación o copyright ©2016.
300 ## - DESCRIPCIÓN FÍSICA
Extensión xix, 228 pages :
Otras características físicas illustration ;
Dimensiones 20 cm
336 ## - TIPO DE CONTENIDO
Término de tipo de contenido text
Código de tipo de contenido txt
Fuente rdacontent
337 ## - TIPO DE MEDIO
Nombre/término del tipo de medio unmediated
Código del tipo de medio n
Fuente rdamedia
338 ## - TIPO DE SOPORTE
Nombre/término del tipo de soporte volume
Código del tipo de soporte nc
Fuente rdacarrier
505 0# - NOTA DE CONTENIDO CON FORMATO
Nota de contenido con formato Foreword / by Abraham Verghese -- Prologue -- In perfect health I begin -- Cease not till death -- Epilogue / by Lucy Kalanithi.
520 ## - RESUMEN, ETC.
Sumario, etc. "For readers of Atul Gawande, Andrew Solomon, and Anne Lamott, a profoundly moving, exquisitely observed memoir by a young neurosurgeon faced with a terminal cancer diagnosis who attempts to answer the question What makes a life worth living? At the age of thirty-six, on the verge of completing a decade's worth of training as a neurosurgeon, Paul Kalanithi was diagnosed with stage IV lung cancer. One day he was a doctor treating the dying, and the next he was a patient struggling to live. And just like that, the future he and his wife had imagined evaporated. When Breath Becomes Air chronicles Kalanithi's transformation from a naïve medical student "possessed," as he wrote, "by the question of what, given that all organisms die, makes a virtuous and meaningful life" into a neurosurgeon at Stanford working in the brain, the most critical place for human identity, and finally into a patient and new father confronting his own mortality. What makes life worth living in the face of death? What do you do when the future, no longer a ladder toward your goals in life, flattens out into a perpetual present? What does it mean to have a child, to nurture a new life as another fades away? These are some of the questions Kalanithi wrestles with in this profoundly moving, exquisitely observed memoir. Paul Kalanithi died in March 2015, while working on this book, yet his words live on as a guide and a gift to us all. "I began to realize that coming face to face with my own mortality, in a sense, had changed nothing and everything," he wrote. "Seven words from Samuel Beckett began to repeat in my head: 'I can't go on. I'll go on.'" When Breath Becomes Air is an unforgettable, life-affirming reflection on the challenge of facing death and on the relationship between doctor and patient, from a brilliant writer who became both. Advance praise for When Breath Becomes Air "Rattling, heartbreaking, and ultimately beautiful, the too-young Dr. Kalanithi's memoir is proof that the dying are the ones who have the most to teach us about life."--Atul Gawande "Thanks to When Breath Becomes Air, those of us who never met Paul Kalanithi will both mourn his death and benefit from his life. This is one of a handful of books I consider to be a universal donor--I would recommend it to anyone, everyone."--Ann Patchett"--
Fuente proveedora Provided by publisher.
520 ## - RESUMEN, ETC.
Sumario, etc. "At the age of 36, on the verge of a completing a decade's worth of training as a neurosurgeon, Paul Kalanithi's health began to falter. He started losing weight and was wracked by waves of excruciating back pain. A CT scan confirmed what Paul, deep down, had suspected: he had stage four lung cancer, widely disseminated. One day, he was a doctor making a living treating the dying, and the next, he was a patient struggling to live. Just like that, the future he and his wife had imagined, the culmination of decades of striving, evaporated. With incredible literary quality, philosophical acuity, and medical authority, When Breath Becomes Air approaches the questions raised by facing mortality from the dual perspective of the neurosurgeon who spent a decade meeting patients in the twilight between life and death, and the terminally ill patient who suddenly found himself living in that liminality. At the base of Paul's inquiry are essential questions, such as: What makes life worth living in the face of death? What happens when the future, instead of being a ladder toward the goals of life, flattens out into a perpetual present? When faced with a terminal diagnosis, what does it mean to have a child, to nuture a new life as another one fades away? As Paul wrote, "Before my cancer was diagnosed, I knew that someday I would die, but I didn't know when. After the diagnosis, I knew that someday I would die, but I didn't know when. But now I knew it acutely. The problem wasn't really a scientific one. The fact of death is unsettling. Yet there is no other way to live." Paul Kalanithi passed away in March 2015, while working on this book"--
Fuente proveedora Provided by publisher.
520 ## - RESUMEN, ETC.
Sumario, etc. On the verge of completing a decade's worth of training as a neurosurgeon, Kalanithi was diagnosed with stage IV lung cancer. Just like that, the future he and his wife had imagined evaporated. Kalanithi chronicles his transformation from a naïve medical student into a neurosurgeon at Stanford working in the brain, the most critical place for human identity, and finally into a patient and new father confronting his own mortality.
600 10 - PUNTO DE ACCESO ADICIONAL DE MATERIA--NOMBRE DE PERSONA
Nombre de persona Kalanithi, Paul
Subdivisión general Health.
650 #0 - PUNTO DE ACCESO ADICIONAL DE MATERIA--TÉRMINO DE MATERIA
Término de materia o nombre geográfico como elemento de entrada Lungs
Subdivisión general Cancer
-- Patients
Subdivisión geográfica United States
Subdivisión de forma Biography.
650 #0 - PUNTO DE ACCESO ADICIONAL DE MATERIA--TÉRMINO DE MATERIA
Término de materia o nombre geográfico como elemento de entrada Neurosurgeons
Subdivisión de forma Biography.
650 #0 - PUNTO DE ACCESO ADICIONAL DE MATERIA--TÉRMINO DE MATERIA
Término de materia o nombre geográfico como elemento de entrada Husband and wife.
650 #7 - PUNTO DE ACCESO ADICIONAL DE MATERIA--TÉRMINO DE MATERIA
Término de materia o nombre geográfico como elemento de entrada BIOGRAPHY & AUTOBIOGRAPHY / Personal Memoirs.
Fuente del encabezamiento o término bisacsh
650 #7 - PUNTO DE ACCESO ADICIONAL DE MATERIA--TÉRMINO DE MATERIA
Término de materia o nombre geográfico como elemento de entrada MEDICAL / General.
Fuente del encabezamiento o término bisacsh
650 #7 - PUNTO DE ACCESO ADICIONAL DE MATERIA--TÉRMINO DE MATERIA
Término de materia o nombre geográfico como elemento de entrada SOCIAL SCIENCE / Death & Dying.
Fuente del encabezamiento o término bisacsh
655 #7 - TERMINO DE INDIZACIÓN--GENERO/FORMA
Datos o término principal de género/forma Biographies.
Fuente del término lcgft
700 1# - ENTRADA AGREGADA--NOMBRE PERSONAL
Nombre de persona Verghese, Abraham,
Fechas asociadas al nombre 1955-
Término indicativo de función/relación writer of foreword.
856 42 - LOCALIZACIÓN Y ACCESO ELECTRÓNICOS
Materiales especificados Contributor biographical information
Identificador Uniforme de Recursos <a href="http://www.loc.gov/catdir/enhancements/fy1606/2015023815-b.html">http://www.loc.gov/catdir/enhancements/fy1606/2015023815-b.html</a>
856 42 - LOCALIZACIÓN Y ACCESO ELECTRÓNICOS
Materiales especificados Publisher description
Identificador Uniforme de Recursos <a href="http://www.loc.gov/catdir/enhancements/fy1606/2015023815-d.html">http://www.loc.gov/catdir/enhancements/fy1606/2015023815-d.html</a>
856 41 - LOCALIZACIÓN Y ACCESO ELECTRÓNICOS
Materiales especificados Sample text
Identificador Uniforme de Recursos <a href="https://www.loc.gov/catdir/enhancements/fy1613/2015023815-s.html">https://www.loc.gov/catdir/enhancements/fy1613/2015023815-s.html</a>
906 ## - ELEMENTOS DE DATOS F LOCAL, LDF (RLIN)
a 7
b cbc
c copycat
d 2
e epcn
f 20
g y-gencatlg
942 ## - ELEMENTOS DE ENTRADA SECUNDARIOS (KOHA)
Fuente del sistema de clasificación o colocación Clasificación de Library of Congress
Suprimir en OPAC No
Tipo de ítem Koha Libro
946 ## - PROCESAMIENTO DE INFORMACIÓN LOCAL (OCLC)
Iniciales del agente catalogador llh
Holdings
Estatus retirado Estado de pérdida Fuente del sistema de clasificación o colocación Estado de daño No para préstamo Colección Biblioteca de origen Biblioteca actual Ubicación en estantería Fecha de adquisición Signatura topográfica completa Código de barras Visto por última vez Copia número Tipo de ítem Koha
    Clasificación de Library of Congress     Automatización y Procesos Técnicos Biblioteca Juan Bosch Biblioteca Juan Bosch Automatización y Procesos Técnicos (1er. Piso) 12/05/2026 RC280.L8 K14w 2016 00000200085 12/05/2026 1 Libro